000 00260nam a22001217a 4500
008 180921b xxu||||| |||| 00| 0 eng d
041 _aeng
080 _a338
100 _a53
101 _aMEN
245 _aPersonnel Management
_cJucius,M.J
942 _2udc
_cBK
999 _c48210
_d48210